| 000 | 01043nam a2200313 i 4500 | ||
|---|---|---|---|
| 999 |
_c200429120 _d47044 |
||
| 003 | TR-AnTOB | ||
| 005 | 20190822100032.0 | ||
| 007 | ta | ||
| 008 | 180313s1991 tu 001 0 tur d | ||
| 040 |
_aTR-AnTOB _beng _erda _cTR-AnTOB |
||
| 041 | 0 | _atur | |
| 050 | 0 | 4 |
_aKKX1896 _b.U93 1991 |
| 090 |
_aKKX1896 _b.U93 1991 |
||
| 100 | 1 |
_aUyar, Talih, _d1945- _eauthor _9118813 |
|
| 245 | 1 | 0 |
_aİcra hukukunda yetki - görev ve yargılama usulü : _b''tetkik mercii'' / _cTalih Uyar. |
| 250 | _aGenişletilmiş 2. Baskı | ||
| 264 | 1 |
_aManisa : _b[publisher not identified] _c1991. |
|
| 300 |
_a1056 pages ; _c23 cm. |
||
| 336 |
_2rdacontent _atext _btxt |
||
| 337 |
_2rdamedia _aunmediated _bn |
||
| 338 |
_2rdacarrier _avolume _bnc |
||
| 504 | _aIncludes bibliographical references and index. | ||
| 590 | _aDonated by Kudret Aslan | ||
| 650 | 0 |
_938711 _aExecutions (Law) _zTurkey |
|
| 650 |
_aİcra-iflas hukuku _zTürkiye _xTürkiye _9115811 |
||
| 740 | _aYetki-görev ve yargılama usulü. | ||
| 942 |
_2lcc _cBK |
||